000 00795nam a2200205 a 4500
001 000037367
005 20200930080324.0
008 120328s1982 sp 000 0 spa d
020 _a8400054423
040 _aDO-SdBNP
_bspa
_cBNPHU
100 1 _aLucas de Dios, José María
_963830
245 1 0 _aEstructura de la tragedia de Sófocles /
_cJosé María Lucas de Dios.
260 _aMadrid :
_bConsejo Superior de Investigación Científicas :
_bInst. "Antonio de Nebrija,
_c1982.
300 _a425 p. ;
_c23 cm.
490 1 _aManuales y anejos de Emerita
_v34
500 _aIncluye índice
500 _aIncluye referencias bibliográficas y notas al pie de las páginas
710 2 _aConsejo Superior de Investigación Científicas
_963831
830 0 _aManuales y anejos de Emerita
_v34
_963832
999 _c36857
_d36857